| 000 | 01436nam a22003857a 4500 | ||
|---|---|---|---|
| 003 | CHAP | ||
| 005 | 20220329135139.0 | ||
| 008 | 971013s1984 r 00010 d | ||
| 010 | _a31659 | ||
| 011 | _a32631 | ||
| 035 | _a36746 | ||
| 040 | _cCHAP | ||
| 090 | _aTesis | ||
| 100 | 0 | 0 |
_aNazar Handal, Elías Abdala. _980637 |
| 245 | _aInteracción de dosis y edad de las plantas en los efectos de fluazifop-butil y dowco 453 (Experimental) en algodonero (Gossypium hirsutum L.) y zacate Johnson (Sorghum Halepense L. pers.) en invernadero | ||
| 260 |
_aMonterrey, N. L. : _bEl autor, _c1984 |
||
| 300 |
_a64 h. _b: ilus. ; gráfs. |
||
| 502 | _aTesis (Ing. Agr. en Producción) -- ITESM. División de Ciencias Agropecuarias y Marítimas | ||
| 590 |
_aALEPH _b10 _c20130110 _lUCH01 _h1254 |
||
| 590 |
_aBATCH-UPD _b10 _c20130110 _lUCH01 _h0219 |
||
| 590 |
_aBATCH-UPD _b10 _c20130110 _lUCH01 _h0909 |
||
| 590 |
_aBATCH-UPD _b10 _c20130409 _lUCH01 _h2239 |
||
| 590 |
_aBATCH-UPD _b10 _c20130410 _lUCH01 _h1306 |
||
| 590 |
_aBATCH-UPD _b10 _c20130914 _lUCH01 _h1220 |
||
| 590 |
_aCONVERSION _b10 _c20130109 _lUCH01 _h1318 |
||
| 650 | 1 | 4 |
_aAlgodon _xMalas hierbas. _94029 |
| 650 | 1 | 4 |
_aDowco. _934108 |
| 650 | 1 | 4 |
_aFluazifopbutil. _941886 |
| 650 | 1 | 4 |
_aHerbicidas. _953691 |
| 650 | 1 | 4 |
_aMalas hierbas _xControl. _970011 |
| 650 | 1 | 4 |
_aZacate Johnson. _9123396 |
| 901 | _aBK | ||
| 942 | _cTESIS | ||
| 949 |
_bBC _cTES _d-84559 _eTS1 _h17803 _i36746 _si |
||
| 999 |
_c31659 _d31659 |
||